Bolesti chrbtice, kľbov, kostí a-

Bibliographic Details
Main Author: Ďurišová, Elena (Author)
Format: Book
Language:Slovak
PhysicalDescription:350 s. fareb. fotogr., ilustr., sch., tab. 24 cm
Published: [Hlohovec] Elena Ďurišová - AKU-HOMEO 2012
ISBN:9788089496075
Subjects:

MARC

LEADER 00000cam a2200000 a 4500
001 vtls010463600
003 SK-MaSNL
005 20260301085625.0
008 240318s2012 xo ao f 000 0 slo
015 |a SNBA2013 
020 |a 9788089496075  |q (viaz.) 
035 |a 3FA9A000-CBAF-4D00-8845-45E06A17A0A6 
035 |a urn:nbn:sk:snk-amlbry 
035 |a urn:nbn:sk:snk-am0092bl 
040 |a SNK  |b slo  |c SNK  |e AACR2 
041 0 |a slo 
044 |a xo  |c SK 
072 7 |a 617  |x Ortopédia. Chirurgia. Oftalmológia  |2 konspekt 
072 7 |a 615.8  |x Fyzioterapia. Psychoterapia. Alternatívna medicína  |2 konspekt 
080 |a 617.547-009.7  |2 2001 
080 |a 612.72-009.7  |2 2001 
080 |a 612.663  |2 2001 
080 |a 616.62-008.22  |2 2001 
080 |a 616.71-007.234  |2 2001 
080 |a 615.825  |2 2001 
080 |a 796.012.6  |2 2001 
080 |a (048.8)  |2 2001 
100 1 |a Ďurišová, Elena  |4 aut  |9 73882 
245 1 0 |a Bolesti chrbtice, kľbov, kostí a-  |c Elena Ďurišová 
260 |a [Hlohovec]  |b Elena Ďurišová - AKU-HOMEO  |c 2012 
300 |a 350 s.  |b fareb. fotogr., ilustr., sch., tab.  |c 24 cm 
500 |a Miesto vydania uvedené podľa ISBN 
504 |a Výkladový slovník. Biogr. údaje o aut. 
650 0 7 |a bolesti chrbtice  |2 SNKPH  |9 2435 
650 0 7 |a Pain of the spinal region  |2 SNKPHeng  |9 346053 
650 0 7 |a Joint pains  |2 SNKPHeng  |9 346052 
650 0 7 |a Bones diseases  |2 SNKPHeng  |9 361552 
650 0 7 |a Infertility  |2 SNKPHeng  |9 413109 
650 0 7 |a Urinary incontinence  |2 SNKPHeng  |9 407977 
650 0 7 |a Osteoporosis  |2 SNKPHeng  |9 317831 
650 0 7 |a Movement therapy  |2 SNKPHeng  |9 317832 
650 0 7 |a Physical exercises  |2 SNKPHeng  |9 317833 
650 0 7 |a bolesti kĺbov  |2 SNKPH  |9 78331 
650 0 7 |a choroby kostí  |2 SNKPH  |9 954 
650 0 7 |a neplodnosť  |2 SNKPH  |9 2547 
650 0 7 |a inkontinencia moču  |2 SNKPH  |9 2497 
650 0 7 |a osteoporóza  |2 SNKPH  |9 953 
650 0 7 |a pohybová terapia  |2 SNKPH  |9 2567 
650 0 7 |a telesné cvičenia  |2 SNKPH  |9 707 
655 7 |a monografie  |2 SNKPH  |9 70139 
655 7 |a Monographs  |2 SNKPHeng  |9 120675 
852 |a Štátna vedecká knižnica v Banskej Bystrici 
919 |a 978-80-89496-07-5 
958 |a MI 
999 |c 666239  |d 668169 
952 |a SNK  |b SNK  |y PREZ  |7 0  |p 17A1064682  |o snkSC 153431  |i snk2013/5317  |8 0  |0 0  |1 0  |4 0  |d 2013-03-07  |f 1  |l 0  |r 2025-07-23 00:00:00  |w 2026-02-23 
952 |a SNK  |b SNK  |y VYP  |7 0  |p 17A1064681  |o snkSC 153431 D1  |i snk2013/5318  |8 0  |0 0  |1 0  |4 0  |d 2013-03-07  |l 0  |r 2026-02-23 19:09:39  |w 2026-02-23 
952 |t snkĎUR 616.7/príl.  |a SNKMST  |b SNKMST  |y PREZ  |7 0  |p 17A1024234  |o snkSC 153431 D2 príl.  |i snk2014/19255  |8 3  |z CD  |0 0  |1 0  |4 0  |d 2015-11-25  |l 0  |r 2025-08-12 00:00:00  |w 2026-02-23 
952 |t snkĎUR 616.7  |a SNKUST  |b SNKUST  |y PREZ  |7 0  |p 17A0810512  |o snkSC 153431 D2  |i snk2014/19255  |8 3  |g 22.41  |3 Dokument obsahuje 1 prílohu - CD  |0 0  |1 0  |4 0  |d 2014-09-22  |l 0  |r 2025-05-28 00:00:00  |w 2026-02-23